Statistics for Famous Name Changes Quiz

Click here to take the quiz!

General Stats

  • This quiz has been taken 29,616 times
    (21,780 since last reset)
  • The average score is 9 of 18

Answer Stats

HintName% Correct
Cassius ClayMuhammad Ali
84%
Destiny Hope CyrusMiley Ray Cyrus
82%
Anakin SkywalkerDarth Vader
78%
Norma Jeane BakerMarilyn Monroe
64%
Prince
61%
Malcolm LittleMalcolm X
56%
Victoria AdamsVictoria Beckham
52%
Sarah Michelle PrinzeSarah Michelle Gellar
50%
Samuel Langhorne ClemensMark Twain
49%
Yusuf IslamCat Stevens
45%
Vladimir Ilyich UlyanovVladimir Ilyich Lenin
45%
Eldrick WoodsTiger Woods
43%
Lew AlcindorKareem Abdul-Jabbar
40%
Nancy DavisNancy Reagan
39%
Robert ZimmermanBob Dylan
35%
Karol WojtylaPope John Paul II
31%
Chad OchocincoChad Johnson
29%
Metta World PeaceRon Artest
28%

Score Distribution

Percentile by Number Answered

Percent of People with Each Score

Your Score History

You have not taken this quiz since the last reset